000
00343nam a2200109Ia 4500
008
221102s9999 xx 000 0 und d
041
_a
hin
082
_b
जह
100
_a
जहागीरदार द . व्य .
245
_a
सुनीता विल्लम्स
260
_b
साकेत प्रकाशन
_c
1905-07-06
999
_c
82226
_d
82226